| 000 | 00479cam a22001457a 4500 | ||
|---|---|---|---|
| 008 | 180718b1974 xxu||||| |||| 00| 0 eng d | ||
| 082 | _aL Sm86 | ||
| 245 |
_aPublic finance and stabilization policy: essays in honor of Richard A. Masgrave _cedited by Warren L. Smith and John M. Culbertson |
||
| 260 |
_aAmsterdam _bNoth-Holland _c1974 |
||
| 300 | _a368p. | ||
| 650 | _aEconomic policy | ||
| 650 | _aFinance, Public | ||
| 700 | _aCulbertson, Cohn M. | ||
| 700 | _aSmith, Warren L. | ||
| 999 |
_c354768 _d354768 |
||